La philosophie arabe dans l'Europe médiévale : des origines à Averroès /
Main Author:
Format: Book
Language:
French
Italian
Published:
Paris :
Payot,
1947.
Series:
Bibliothèque scientifique.
Subjects:
Tags: Add Tag
Call Number: B741 .Q314 1947
| LEADER | 00865nam a2200289I 4500 | ||
|---|---|---|---|
| 001 | 7172 | ||
| 003 | OSt | ||
| 005 | 20250914104704.0 | ||
| 008 | 130303s1947 fr b 000 0cfre d | ||
| 010 | |a 50030136 | ||
| 035 | |a ocm00272574 | ||
| 040 | |c ARCE Library | ||
| 041 | 1 | |a fre |h ita | |
| 050 | 4 | |a B741 .Q314 1947 | |
| 100 | 1 | |a Quadri, Goffredo, |e author |9 38001 | |
| 245 | 1 | 3 | |a La philosophie arabe dans l'Europe médiévale : |b des origines à Averroès / |c Traduit de l'italien par Roland Huret. |
| 264 | 1 | |a Paris : |b Payot, |c 1947. | |
| 300 | |a 342 pages ; |c 23 cm. | ||
| 490 | 0 | |a Bibliothèque scientifique. | |
| 504 | |a Bibliographical footnotes. | ||
| 600 | 0 | 0 | |a Averroës, |d 1126-1198. |
| 600 | 0 | 0 | |a Avicenna, |d 980-1037. |9 25861 |
| 600 | 1 | 0 | |a Benzi, Ugo, |d 1376-1439. |9 26624 |
| 650 | 0 | |a Philosophy, Arab. | |
| 901 | |a reviewed | ||
| 942 | |c BK |2 lcc | ||
| 999 | |c 5023 |d 5023 | ||
